| 000 | 00829nam a2200253 i 4500 | ||
|---|---|---|---|
| 001 | bg | ||
| 100 | 1 |
_aSIUTA, Jan _d(1928- ) |
|
| 245 | 1 | 0 |
_aRekultywacja gruntów : _bporadnik / _cJan Siuta ; Instytut Ochrony Środowiska. |
| 260 |
_aWarszawa : _bIOŚ, _c1998. |
||
| 300 |
_a204 s., XXII s. tabl. kolor. : _bfot., wykr. ; _c24 cm. |
||
| 504 | _aBibliogr. s. 201-204. | ||
| 650 | 9 | _aRekultywacja gleby | |
| 655 | _aPoradniki | ||
| 710 | 0 | _aInstytut Ochrony Środowiska | |
| 015 | _aPB 4494/99 | ||
| 020 | _a8385805508 | ||
| 040 | _cBPK | ||
| 041 | 0 | _apol | |
| 080 | _a631.6:622.88+628.4/.5](083.1) | ||
| 920 | _a83-85805-50-8 | ||
| 942 | _cKS | ||
| 008 | s pl f |000 0 pol | ||
| 999 |
_c51645 _d51645 |
||
| 856 |
_uhttp://koha.tu.koszalin.pl/cgi-bin/koha/opac-detail.pl?biblionumber=51645 _yKatalog online BPK |
||